|
|
|
|
| LEADER |
00000nab a22000007a 4500 |
| 005 |
20160317163502.0 |
| 008 |
150706b2001 cr f|||| |||| 00| 0 spa d |
| 090 |
|
|
|a REVIS 06.02.01
|
| 100 |
1 |
|
|9 258
|a Rodríguez García, José Miguel
|
| 245 |
1 |
0 |
|a Reflexiones en torno a la educación religiosa: elementos para una propuesta desde la psicología de la religión /
|c José Miguel Rodríguez García
|
| 260 |
|
|
|a San José, Costa Rica :
|b Editorial Universidad de Costa Rica,
|c 2001
|
| 300 |
|
|
|a páginas 101-111
|
| 520 |
|
|
|a Este trabajo presenta, críticamente, los fundamentos de la educación religiosa en Costa Rica. A tal fin, retoma elementos conceptuales de la psicología de la religión y de la psicología del desarrollo humano; en particular, de la psicología del desarrollo moral. Principalmente, reflexiona en torno al desarrollo de la fe y al juicio moral sobre la educación religiosa en Costa Rica. Finalmente, critica algunos elementos que plantean una educación religiosa tendiente a desarrollar la fe junto con el juicio moral, además de ofrecer una visión universalista sobre el fenómeno religioso
|
| 650 |
1 |
4 |
|9 1
|a EDUCACIÓN
|
| 773 |
0 |
|
|d San José, Costa Rica : Editorial de la Universidad de Costa Rica, 1997-
|o R0189
|t EDUCACIÓN: Revista de la Universidad de Costa Rica
|g Vol.25, no.2 (2001)
|
| 942 |
|
|
|h REVIS 06.02.01
|2 z
|c 10
|
| 999 |
|
|
|c 2732
|d 2732
|